كتاب العرش / (رقم التسجيلة. 123303)

تفاصيل مارك
000 -الفاتح
عناصر البيانات ثابتة الطول 00856cam a2200193 i 4500
005 - تاريخ ووقت آخر معاملة
حقل ضبط 20251203092655.0
008 - عناصر البيانات ثابتة الطول
عناصر البيانات ثابتة الطول 250721s2010 jo gr 000 0 ara d
082 14 - رقم تصنيف ديوي العشري
رقم التصنيف 214.2
رقم المادة ذهب
100 1# - مدخل رئيسي – اسم شخصي
الاسم الشخصي الذهبي، شمس الدين ابو عبدالله محمد بن احمد بن عثمان الشافعي
علاقة الشخص بالعمل/ دوره مؤلف.
تواريخ خاصة بالشخص (748ه)
245 10 - بيان العنوان
العنوان كتاب العرش /
بيان المسؤولية تاليف ابو عبدالله محمد بن احمد بن عثمان الذهبي ؛ دراسه وتحقيق محمد بن خليفة التميمي.
250 ## - بيان الطبعة
بيان الطبعة الطبعة الاولى.
264 1# - بيانات النشر، التوزيع…إلخ
مكان النشر، التوزيع...إلخ اربد :
اسم الناشر، الموزع...إلخ المركز القومي للنشر والتوز،
تاريخ النشر، التوزيع...إلخ 2010.
300 ## - الوصف المادي
عدد الوحدات المكونة للوعاء الجزء الاول.
650 17 - مدخل إضافي بالموضوع - مصطلح موضوعي
مصطلح موضوعي أو اسم جغرافي كعنصر مدخل العقيدة الدينية.
650 17 - مدخل إضافي بالموضوع - مصطلح موضوعي
مصطلح موضوعي أو اسم جغرافي كعنصر مدخل الله.
650 17 - مدخل إضافي بالموضوع - مصطلح موضوعي
مصطلح موضوعي أو اسم جغرافي كعنصر مدخل الاسماء الحسنى.
942 ## - بيانات إضافية (كوها)
نوع التنصيف Dewey Decimal Classification
نوع المادة (كوها) كتب
المقتنيات
حالة السحب حالة الفقدان مصدر التصنيف حالة التلف غير قابل للإعارة المكتبة الرئيسية المكتبة الحالية موقع الرف تاريخ التزويد الرقم المتسلسل Total Checkouts رقم الإستدعاء الباركود تاريخ آخر ظهور تاريخ الفاتورة نوع المادة (كوها)
    Dewey Decimal Classification     المكتبة المركزية المكتبة المركزية الإعارة 28/07/2025 1438466   214.2 / ذ ه ب PLD00200220 28/07/2025 28/07/2025 كتب
    Dewey Decimal Classification     مكتبة البراعم الواعدة مكتبة البراعم الواعدة الإعارة 10/04/2011 1438469   214.2/ذهب PLD00200496 28/07/2025 10/04/2011 كتب
    Dewey Decimal Classification     مكتبة البراعم الواعدة مكتبة البراعم الواعدة الإعارة 10/04/2011 1438474   214.2/ذهب PLD00200491 28/07/2025 10/04/2011 كتب
Implemented & Customized by: BBB with SCIT (Smart Chains for Information Technology)

Powered by Koha